Zákony Slovenskej republiky 2004 : aktuálne úplné znenie vybraných právnych predpisov z oblasti daní a účtovníctva, občianskeho a obchodného práva, pracovného a sociálneho práva k 1. februáru 2004. Zákon o dani z príjmov. Zákon o dani z pridanej hodnoty. Zákon o správe daní a poplatkov. Zákon o účtovníctve. Občiansky zákonník. Obchodný zákonník. Živnostenský zákon. Zákonník práce. Zákon o službách zamestnanosti. Zákon o sociálnom poistení. Zákon o zdravotnom poistení
Uložené v:
| Médium: | Kniha |
|---|---|
| Jazyk: | Slovak |
| Vydané: |
Žilina :
Poradca podnikateľa,
2004
|
| Vydanie: | [1. vyd.] |
| Témy: | |
| ISBN: |
8088931231 (brož.) |
| Fyzický popis: |
848 s. ; 21 cm |
| Tagy: |
Pridať tag
Žiadne tagy, Buďte prvý kto otaguje tento záznam!
|
Titul je dostupný aj v ... 

MARC
| LEADER | 00000nam a2200000 a 4500 | ||
|---|---|---|---|
| 001 | 000000774 | ||
| 005 | 20040825093633.0 | ||
| 008 | 040322s2004 xo e l 000 0 sloo | ||
| 020 | |a 8088931231 (brož.) | ||
| 040 | |a SVKKK |b slo |c SVKKK |e AACR2 | ||
| 041 | 0 | |a slo | |
| 044 | |a xo |c SK | ||
| 072 | 7 | |a 34 |x Právo |2 konspekt | |
| 080 | |a 336.22 |2 1997 | ||
| 080 | |a 657 |2 1997 | ||
| 080 | |a 347 |2 1997 | ||
| 080 | |a 347.7 |2 1997 | ||
| 080 | |a 349.2 |2 1997 | ||
| 080 | |a 349.3 |2 1997 | ||
| 080 | |a (094.5) |2 1997 | ||
| 245 | 0 | 0 | |a Zákony Slovenskej republiky 2004 : |b aktuálne úplné znenie vybraných právnych predpisov z oblasti daní a účtovníctva, občianskeho a obchodného práva, pracovného a sociálneho práva k 1. februáru 2004. |p Zákon o dani z príjmov. |p Zákon o dani z pridanej hodnoty. |p Zákon o správe daní a poplatkov. |p Zákon o účtovníctve. |p Občiansky zákonník. |p Obchodný zákonník. |p Živnostenský zákon. |p Zákonník práce. |p Zákon o službách zamestnanosti. |p Zákon o sociálnom poistení. |p Zákon o zdravotnom poistení |
| 246 | 3 | 0 | |a Zákon o dani z príjmov |
| 246 | 3 | 0 | |a Zákon o dani z pridanej hodnoty |
| 246 | 3 | 0 | |a Zákon o správe daní a poplatkov |
| 246 | 3 | 0 | |a Zákon o účtovníctve |
| 246 | 3 | 0 | |a Občiansky zákonník |
| 246 | 3 | 0 | |a Obchodný zákonník |
| 246 | 3 | 0 | |a Živnostenský zákon |
| 246 | 3 | 0 | |a Zákonník práce |
| 246 | 3 | 0 | |a Zákon o službách zamestnanosti |
| 246 | 3 | 0 | |a Zákon o sociálnom poistení |
| 246 | 3 | 0 | |a Zákon o zdravotnom poistení |
| 250 | |a [1. vyd.] | ||
| 260 | |a Žilina : |b Poradca podnikateľa, |c 2004 | ||
| 300 | |a 848 s. ; |c 21 cm | ||
| 500 | |a Obalový názov | ||
| 650 | 0 | 7 | |a dane |2 SVKKKPH |
| 650 | 0 | 7 | |a účtovníctvo |2 SVKKKPH |
| 650 | 0 | 7 | |a občianske právo |2 SVKKKPH |
| 650 | 0 | 7 | |a obchodné právo |2 SVKKKPH |
| 650 | 0 | 7 | |a pracovné právo |2 SVKKKPH |
| 650 | 0 | 7 | |a sociálne právo |2 SVKKKPH |
| 650 | 0 | 7 | |a právo sociálneho zabezpečenia |2 SVKKKPH |
| 655 | 7 | |a zákony |2 SVKKKPH | |
| 919 | |a 80-88931-23-1 | ||
| 998 | |a BK | ||
| 090 | |g SCKHL |k Sklad Pribinova 2. posch. |a III.196401 |j 960301 |i 2720021137 |s Absenčne | ||